| 000 | 01096nac a22003137a 4500 | ||
|---|---|---|---|
| 001 | BR7901151 | ||
| 003 | BR-BrBNA | ||
| 005 | 20240105114404.0 | ||
| 008 | 230509b bl.|||m| |||| 00| 0 por d | ||
| 040 |
_aBR-BrBNA _bpor _cBiblioteca Nacional de Agricultura |
||
| 072 | _aN10 | ||
| 090 | _aN10 BR7901151 | ||
| 100 | 1 | _aRivoli, G. | |
| 100 | 1 | _aKoljonen, K. | |
| 100 | 1 | _aNascimento, P.R. | |
| 100 | 1 | _aMercado, R.S. | |
| 110 | 1 |
_aInstituto Brasileiro de Desenvolvimento Florestal, Brasilia, DF (Brasil). Coordenadoria de Planejamento; _95730 |
|
| 110 | 1 |
_aProjeto de Desenvolvimento e Pesquisa Florestal, Brasilia, DF (Brasil) _98062 |
|
| 245 | 1 | _aA aplicacao da madeira e seus derivados na construcao habitacional | |
| 260 | 3 |
_aBrasilia, DF (Brasil): _c1978. |
|
| 300 | _a135 p. | ||
| 490 |
_aColecao Desenvolvimento e Planejamento Florestal. Serie Tecnica (Brazil) _vno. 9 _x |
||
| 500 | _a15 tables; 6 ref. | ||
| 650 | _aENGENHARIA AGRICOLA | ||
| 650 | _aARQUITETURA CIVIL | ||
| 650 | _aMADEIRA | ||
| 909 |
_a202312 _bLúcia Elande _c55 _dLúcia Elande |
||
| 942 |
_2AGRIS _n0 _cMS |
||
| 999 |
_c269069 _d269069 |
||